| 000 | 03712nam a2200433Ia 4500 | ||
|---|---|---|---|
| 001 | bslw09002279 | ||
| 003 | UtOrBLW | ||
| 005 | 20210303085157.0 | ||
| 006 | m o d | ||
| 007 | cr un||||||||| | ||
| 008 | 130122s2012 enka o 000 0 eng d | ||
| 020 |
_a9781781900352 (electronic bk.) : _c£67.95 ; €97.95 ; $124.95 |
||
| 040 |
_aUtOrBLW _cUtOrBLW |
||
| 050 | 4 |
_aH62 _b.T44 2012 |
|
| 072 | 7 |
_aJHB _2bicssc |
|
| 072 | 7 |
_aJ _2bicssc |
|
| 072 | 7 |
_aSOC026000 _2bisacsh |
|
| 072 | 7 |
_aSOC000000 _2bisacsh |
|
| 080 | _a303 | ||
| 082 | 0 | 4 |
_a300.72 _223 |
| 245 | 0 | 0 |
_aTheorizing modern society as a dynamic process _h[electronic resource] / _cedited by Harry F. Dahms, Lawrence Hazelrigg. |
| 260 |
_aBingley, U.K. : _bEmerald, _c2012. |
||
| 300 |
_a1 online resource (xxvii, 284 p.) : _bill. |
||
| 490 | 1 |
_aCurrent perspectives in social theory, _x0278-1204 ; _vv. 30 |
|
| 505 | 0 | _aToward bridging analytics and dialectics : nonergodic processes and turning points in dynamic models of social change with illustrations from labor movement history / Larry W. Isaac, Paul F. Lipold -- Adorno, advocate of the nonidentical : an introduction / Albrecht Wellmer -- Developments of analytical logic and dialectical logic with regard to the study of process dynamics / Lawrence Hazelrigg -- Communication, language, and the emergence of social orders / John Hamilton Bradford -- Culture, theory, and critique : Marx, Durkheim, and human science / Michael E. Brown, Jeffrey A. Halley -- Sociality-normativity-morality : the explanatory strategy of Günter Dux's historico-genetic theory / Heinz-Jürgen Niedenzu -- Politics disembodied and deterritorialized : the internet as human rights resource / Benjamin Gregg -- Civil society and the state in the neoliberal era : dynamics of friends and enemies / Jon Shefner, Harry F. Dahms -- The social construction of the European society / Georg Vobruba. | |
| 520 | _aWhile it was evident to the classics of social theory that modern societies are highly dynamic forms of social organization, and that this dynamic nature must be reflected explicitly and confronted directly in modes of analysis across the social sciences, over the course of the twentieth century, the acknowledgement of this fact has been weakening. As the social sciences became increasingly concerned with issues of professionalization and standards of validity inspired by more established disciplines, especially the natural sciences and economics, the focus on dynamic processes gave way to efforts to illuminate structural (i.e., static) features of modern social life. In recent decades, however, this preoccupation with structure has begun to give way to more process-oriented research orientations. In part, this renewed interest in dynamics rather than statics is reflective of the growing influence of Continental European traditions, especially in Germany and France. In this follow-up volume to "Theorizing the Dynamics of Social Processes (vol. 27)", the emphasis is placed on recent trends in Continental European social theory, and on the importance of political analyses to theorizing modern societies. | ||
| 588 | 0 | _aPrint version record | |
| 650 | 7 |
_aSocial Science _xSociology _xGeneral. _2bisacsh |
|
| 650 | 7 |
_aSocial Science _xGeneral. _2bisacsh |
|
| 650 | 7 |
_aSociology. _2bicssc |
|
| 650 | 7 |
_aSociety & social sciences. _2bicssc |
|
| 650 | 0 |
_aSocial sciences _xResearch. |
|
| 650 | 0 |
_aSocial sciences _xPhilosophy. |
|
| 700 | 1 | _aDahms, Harry F. | |
| 700 | 1 | _aHazelrigg, Lawrence E. | |
| 776 | 1 | _z9781781900345 | |
| 830 | 0 |
_aCurrent perspectives in social theory ; _vv. 30. |
|
| 856 | 4 | 0 | _uhttps://www.emerald.com/insight/publication/doi/10.1108/S0278-1204(2012)30 |
| 999 |
_c31071 _d31071 |
||